000 00304nam a22001217a 4500
008 230621b xxu||||| |||| 00| 0 eng d
082 _a328.42
_bBOA
100 _cFrancis Boyd
245 _aTHE GLORY OF PARLIAMENT
260 _aLondon
_bGeorge Allen & Unwin Ltd
_c1960
300 _a208p
942 _2ddc
_cBK
999 _c2309
_d2309